American scientist

Bibliographic Details
Format: Book
Published: New Haven, CT : Scientific Research Society , 1912-
Subjects:

MARC

LEADER 00000cam a2200000 7i4500
001 0000009124
005 20070514093000.0
008 021119s1912
022 0 |a 00030996 
090 0 0 |a Q11   |b .A4 ff 
245 0 0 |a American scientist 
260 2 |a New Haven, CT :   |b Scientific Research Society ,   |c 1912- 
310 |a Bimonthly 
501 |a Sumbangan Yayasan Asia 
650 0 |a Science   |x Periodicals 
999 |a 1000070013   |b Serials   |c Reference   |e Gong Badak Campus